When the bough breaks /

Bibliographic Details
Main Author: Kellerman, Jonathan
Format: Book
Language:English
Published: New York : Atheneum, 1985.
Edition:1st ed.

MARC

Tag First Indicator Second Indicator Subfields
LEADER 00000cam a2200000 a 4500
001 in00000012837
005 20151007051919.0
008 840720s1985 nyu 00011 eng
010 |a  84016805  
020 |a 0689115199 
035 |a (OCoLC)11030592 
035 |9 AAA5414AM 
040 |a DLC  |c DLC  |d m/c  |d TXA  |d UtOrBLW 
049 |a TXAM  |c [A12636149] 
050 0 0 |a PS3561.E3865  |b W44 1985 
082 0 |a 813/.54  |2 19 
100 1 |a Kellerman, Jonathan. 
245 1 0 |a When the bough breaks /  |c Jonathan Kellerman. 
250 |a 1st ed. 
264 1 |a New York :  |b Atheneum,  |c 1985. 
300 |a 293 pages ;  |c 25 cm. 
336 |a text  |b txt  |2 rdacontent 
337 |a unmediated  |b n  |2 rdamedia 
338 |a volume  |b nc  |2 rdacarrier 
586 |a Anthony Award for Best First Novel, 1986 
999 |a MARS 
999 f f |s a93b1c93-f197-3f71-9e7f-fbb66505a0bc  |i 2c4f0a22-542f-35b8-8baf-264ac8a8c1f2  |t 0 
952 f f |p normal  |a Texas A&M University  |b College Station  |c Sterling C. Evans Library  |d Evans: Library Stacks  |t 0  |e PS3561.E3865 W44 1985  |h Library of Congress classification  |i unmediated -- volume  |m A14812636149 
998 f f |a PS3561.E3865 W44 1985  |t 0  |l Evans: Library Stacks